000 00690nam a2200253Ia 4500
003 OSt
005 20220923214557.0
006 a|||||r|||| 00| 0
007 ta
008 220922b |||||||| |||| 00| 0 hin d
024 _a171,013
037 _cTextual
040 _aARTS
_cARTS
_bhin
041 _2hin
_ahin
082 _aO152:3N14x, J5;L0
100 _aयशपाल
245 0 _aउत्तमी की मां
246 _aUttamī kī māan
250 _aसंस्क0 3
260 _c1970
650 _aहिन्दी साहित्य
_9156264
942 _hO152:3N14x, J5;L0
_cTEXL
_2CC
999 _c325253
_d325253